Subdivision capitals closest to Poznań (PL) - Statistics

General Stats
  • This quiz has been taken 40 times
  • The average score is 12 of 20
Answer Stats
Distance (km) Answer % Correct
10 241 Berlin
97%
16 278 Warszawa
94%
11 244 Gdańsk
85%
5 144 Wrocław
85%
6 186 Łódź
82%
7 196 Szczecin
82%
1 107 Bydgoszcz
76%
18 279 Katowice
76%
2 111 Zielona Góra
73%
4 131 Toruń
70%
3 120 Gorzów Wielkopolski
67%
14 267 Dresden
61%
19 281 Olsztyn
61%
8 205 Opole
61%
20 301 Ostrava
33%
9 223 Liberec
30%
13 264 Potsdam
27%
12 256 Hradec Králové
15%
15 275 Pardubice
15%
17 279 Ústí nad Labem
9%
No matching quizzes found
Score Distribution
Percent of People with Each Score
Percentile by Number Answered
Your Score History
You have not taken this quiz